Cycle de Krebs - Statistiques

Statistiques générales
  • Ce quiz a été pris 167 fois
  • Le résultat moyen est 6 sur 9
Statistiques - réponses
Réponse % Correct
Citrate
95%
fumarate
80%
Isocitrate
78%
succinate
78%
malate
77%
Oxaloacétate
77%
succinyl-coa
72%
alpha-cétoglutarate
58%
cis-Aconitate
28%
Aucun quiz correspondant
Distribution des résultats
% des personnes avec chaque résultat
Percentile par nombre de réponses
Votre historique - résultats
Vous n’avez pas pris ce quiz